000 00322 a2200109 4500
001 ART_9106
005 20260410161846.0
008 260409a
245 1 0 _aEl capitalismo y la democracia
100 1 _aSweezy, Paul M.
773 0 _tEl trimestre económico
_g- Vol. L, Nº 198 (abr./jun. 1983)
_wREV6933
999 _c24511
_d24511